Il diavolo in corpo /
Uloženo v:
| Hlavní autor: | |
|---|---|
| Médium: | Kniha |
| Jazyk: | italština |
| Vydáno: |
Milano :
Sperling Paperback,
1993
|
| Edice: | I sensi ;
7 |
| Tagy: |
Žádné tagy, Buďte první, kdo vytvoří štítek k tomuto záznamu!
|
MARC
| LEADER | 00000nam a22000007i 4500 | ||
|---|---|---|---|
| 001 | IT\ICCU\LO1\0309118 | ||
| 003 | ItRI | ||
| 005 | 20260115231931.0 | ||
| 008 | 930713s1993 it |||||| ||||| |||||c | ||
| 020 | |a 8878242977 | ||
| 040 | |b ita |c importazione bologna sebina | ||
| 041 | 7 | |a ita |2 ISO-639-2 | |
| 082 | |a 843.912 |9 NARRATIVA FRANCESE. 1900-1945 |2 19 | ||
| 100 | 1 | |a Radiguet, Raymond |0 IT\ICCU\CFIV\016667 |4 aut | |
| 240 | 1 | 3 | |a Le diable au corps |3 IT\ICCU\LIA\0214726 |9 Radiguet, Raymond |
| 245 | 1 | 3 | |a Il diavolo in corpo / |c Raymond Radiguet. |
| 260 | |a Milano : |b Sperling Paperback, |c 1993 | ||
| 300 | |a 141 p. ; |c 20 cm. | ||
| 830 | 2 | |a I sensi ; |v 7 |0 IT\ICCU\LO1\0301147 | |
| 942 | |2 ddc |c BK |n 0 | ||
| 952 | |0 0 |1 0 |4 0 |6 DOC_843_912000000000000_RAD |7 0 |9 17044 |a BO |b BO |d 2026-01-15 |i 2925 |l 0 |o DOC 843.912 RAD |p BO2925 |r 2026-01-15 23:19:31 |w 2026-01-15 |x [Sebina 5] [1 v.] |y BK |z 1 v. | ||
| 999 | |c 14558 |d 14558 | ||